000 00284nam a22001337a 4500
008 170921b xxu||||| |||| 00| 0 eng d
020 _a9780131455290
041 _aeng
080 _22nd
_a7
100 _a45
101 _aART
245 _aART HISTORY
_cSTOKSTAD,M
942 _2udc
_cBK
999 _c28659
_d28659